La caballería o de la fuerza armada al servicio de la Verdad desarmada
Сохранить в:
| Главный автор: | |
|---|---|
| Формат: | |
| Язык: | испанский |
| Опубликовано: |
Buenos Aires
Gladius
1991
|
| Редактирование: | 3a. ed |
| Предметы: | |
| Метки: |
Добавить метку
Нет меток, Требуется 1-ая метка записи!
|
MARC
| LEADER | 00000nam a2200000 a 4500 | ||
|---|---|---|---|
| 001 | UCM5039 | ||
| 003 | CL-VaPUC | ||
| 008 | 020927e19910000AG |||||||||||||||||spa|d | ||
| 082 | 0 | 4 | |a 271.791 |b SAE |2 21 |
| 100 | 0 | |a Sáenz, Alfredo |e author |9 471333 | |
| 245 | 1 | 3 | |a La caballería o de la fuerza armada al servicio de la Verdad desarmada |
| 250 | |a 3a. ed | ||
| 300 | |a 204 p | ||
| 942 | |c BK | ||
| 945 | |d 20020927 00:00:00 |a cmena | ||
| 260 | |a Buenos Aires |b Gladius |c 1991 | ||
| 650 | 7 | |a ORDENES DE CABALLERIA |2 CL-VaPUC |9 329600 | |
| 650 | 0 | |a Cristianismo |9 257361 | |
| 650 | 7 | |a EVANGELIZACION |2 CL-VaPUC |9 471334 | |
| 650 | 7 | |a EVANGELIZACION |2 CL-VaPUC |9 471334 | |
| 650 | 7 | |a ORDENES MILITARES |2 CL-VaPUC |9 440947 | |
| 583 | |a last modification |c 20020927 00:00:00 |k Rodrigo Vera | ||
| 999 | |c 301341 |d 301339 | ||
| 952 | |0 0 |1 0 |4 0 |6 271_791000000000000_SAE_1991 |7 0 |8 A |9 360190 |a BIBEDU |b BIBEDU |d 2019-11-21 |i 3834980 |o 271.791 SAE 1991 |p 3834980 |r 2019-11-21 |w 2019-11-21 |y BK |k FIL | ||